000 00542nam a22001817a 4500
005 20180821111639.0
010 _aENG-123841
020 _a9789382425045
_c350.00
035 _aEN-107373
037 _bDBAD/PUB
082 _a362.88082
100 _aMazumdar, Rinita
245 _aA feminist manifesto :
_cby Rinita Mazumdar
_brape, reproduction, revolution /
260 _c2013
_aKolkata
_bAnustup
270 _bKolkata
_a2 E Nabin Kundu Lane,
_e700009
300 _a176p.
_c22cm.(Hb)
942 _2ddc
_cEN
_h362.88082
_mMAZ
999 _c155874
_d155874